Environmental Law

Bibliographic Details
Main Author: Benidickson, Jamie
Format: eBook
Language:English
Published: Toronto: Irwin Law Inc., 2019
Edition:Quinta Edicin̤
Subjects:
Online Access:Acceso restringido

MARC

LEADER 00000nam a22000007a 4500
005 20210809232748.0
007 cr|||| |||
008 210809s2019 ca |||||s|||| 00||0 eng d
020 |a 9781552215043 
035 |a 34965 
040 |a vLex 
090 |c 11947  |d 11947 
100 1 |a Benidickson, Jamie 
245 1 0 |a Environmental Law  |h [Recurso electrn̤ico] /  |c Jamie Benidickson 
250 |a Quinta Edicin̤ 
256 |a Servicio en ln̕ea 
260 |a Toronto:  |b Irwin Law Inc.,  |c 2019 
300 |a 1 recurso electrn̤ico 
500 |a While continuing to provide a comprehensive introductory guide to environmental law in Canada, this fifth edition of Environmental Law incorporates discussion of recent developments in environmental litigation and regulation alongside reference to key statutory developments from the past half decade. In addition, important updates and revisions highlight significant developments in several central areas, notably federal and provincial climate change action following the 2015 Paris Agreement and issues associated with Aboriginal consultation, the United Nations Declaration on the Rights of Indigenous Peoples, and traditional environmental knowledge. Essential developments relating to human rights and the environment at both the national and international levels have been included alongside discussion of changes in environmental valuation and compensation, liability for spills and remediation, and polluter-pays jurisprudence. Recent judicial and administrative decisions affecting environmental assessment and involving NAFTA prior to the 2018 round of Canada-US-Mexico negotiations are also covered. Chapters on toxic substances, protected areas, endangered species, and economic incentives for environmental protection also reflect current legal activity and policy proposals. 
506 1 |a Disponible solo en los productos indicados  |d vLex Global  |d vLex Global (Academic Edition, excluding Law Schools)  |d vLex Global (U.S. Academic Edition, Law Schools)  |d vLex Global (U.S. Academic Edition, excluding Law Schools)  |d vLex Global (Academic Edition, Law Schools) 
650 0 4 |a Derecho del Medio Ambiente  |z Canad̀ 
740 0 |a vLex Libros (Servicio en ln̕ea) 
856 4 0 |u https://app.vlex.com/#/sources/34965  |z Acceso restringido 
942 |c BOOK 
999 0 |a Environmental Law